| 000 | 00590nam a2200169 i 4500 | ||
|---|---|---|---|
| 001 | 40728 | ||
| 003 | ES-MaACL | ||
| 005 | 20250820063029.0 | ||
| 007 | t| | ||
| 008 | 030306s1884 sp ||||1| spa d | ||
| 100 | 1 |
_aCarreras y Aragó, Luis, _d1835-1907 _935685 |
|
| 245 | 1 | 0 |
_aDe las cataratas hereditarias y de su trasmisión principalmente a los individuos de sexo igual al del paciente originario / _cLuis Carreras y Aragó. |
| 260 |
_aBarcelona : _b[s.n.], _c1887. |
||
| 650 | 4 |
_aCataratas (Oftalmología) _9152039 |
|
| 852 |
_aES-MaACL _jT-634-F-11 |
||
| 999 |
_c40728 _d40728 |
||